Пропуск в контексте

Соучастие в преступлении: законодательная регламентация, теория и практика привлечения к уголовной ответственности монография

В общей части уголовного права одним из наиболее сложных и спорных вопросов является институт соучастия в преступлении. Несмотря на многочисленную литературу, посвященную этому институту, вопрос о понятии соучастия в преступлении на сегодняшний момент остается открытым и создаются определенные трудн...

Полное описание

Сохранить в:
Библиографические подробности
Главный автор: Цебекова Г. В.
Формат: Книга
Язык:Russian
Опубликовано: Элиста КГУ 2023
Online-ссылка:https://e.lanbook.com/book/360968
https://e.lanbook.com/img/cover/book/360968.jpg
Метки: Добавить метку
Нет меток, Требуется 1-ая метка записи!
LEADER 02132nam0a2200241 i 4500
001 360968
003 RuSpLAN
005 20240216150948.0
008 240216s2023 ru gs 000 0 rus
040 |a RuSpLAN 
041 0 |a rus 
044 |a ru 
245 0 0 |a Соучастие в преступлении: законодательная регламентация, теория и практика привлечения к уголовной ответственности  |b монография  |c Цебекова Г. В. 
260 |a Элиста  |b КГУ  |c 2023 
300 |a 86 с. 
504 |a Библиогр.: доступна в карточке книги, на сайте ЭБС Лань 
520 8 |a В общей части уголовного права одним из наиболее сложных и спорных вопросов является институт соучастия в преступлении. Несмотря на многочисленную литературу, посвященную этому институту, вопрос о понятии соучастия в преступлении на сегодняшний момент остается открытым и создаются определенные трудности при квалификации преступлений, совершенных в соучастии, а также индивидуализации уголовной ответственности и назначения наказания. Совершение преступления не одним, а несколькими лицами, объединяющими свои усилия для достижения преступного результата, стало в наши дни частым явлением. 
521 8 |a Книга из коллекции КГУ - Право. Юридические науки 
521 8 |a СЭБ 
100 1 |a Цебекова Г. В. 
856 4 |u https://e.lanbook.com/book/360968 
856 4 8 |u https://e.lanbook.com/img/cover/book/360968.jpg 
953 |a https://e.lanbook.com/img/cover/book/360968.jpg